OM - Transferts les plus chers - Statistiques

Statistiques générales
  • Ce quiz a été pris 57 fois
  • Le résultat moyen est 31 sur 50
Statistiques - réponses
Saison Nationalité Montant Provenance Réponse % Correct
25/26 Brésil 30 M€ Feyenoord Igor Paixão
98%
16/17 France 29 M€ West Ham Dimitri Payet
96%
13/14 France 8 M€ Lille Dimitri Payet
96%
22/23 Portugal 32M € Braga Vitinha
96%
24/25 Angleterre 26 M€ Manchester United Mason Greenwood
90%
18/19 Pays Bas 25 M€ AS Rome Kevin Strootman
88%
24/25 Algérie 19 M€ Rennes Amine Gouiri
80%
24/25 France 27 M€ Lens Elye Wahi
80%
25/26 Maroc 23 M€ West Ham Nayef Aguerd
78%
25/26 USA 14 M€ Juventus Timothy Weah
78%
21/22 Brésil 20 M€ Flamengo Gerson
76%
23/24 Sénégal 17 M€ Sheffield United Iliman Ndiaye
76%
17/18 Grèce 15 M€ Benfica Lisbonne Konstantinos Mitroglou
76%
21/22 Argentine 11 M€ Borussia Dortmund Leonardo Balerdi
75%
23/24 Centrafrique 8 M€ Atlético Madrid Geoffrey Kondogbia
73%
13/14 France 12 M€ Lille Florian Thauvin
71%
17/18 France 11 M€ Newcastle Florian Thauvin
71%
23/24 Brésil 20 M€ Atlético Madrid Renan Lodi
71%
22/23 Pologne 9 M€ Naples Arkadiusz Milik
69%
18/19 Croatie 19 M€ RB Salzbourg Duje Caleta-Car
69%
19/20 France 13 M€ Nantes Valentin Rongier
69%
22/23 Maroc 8 M€ Angers Azzedine Ounahi
67%
25/26 Danemark 13 M€ Tottenham Pierre-Emile Højbjerg
67%
10/11 France 16 M€ Toulouse André-Pierre Gignac
65%
19/20 Argentine 14 M€ Boca Junior Darío Benedetto
65%
22/23 Colombie 10 M€ Grenade Luis Suárez
63%
22/23 Turquie 11 M€ AS Rome Cengiz Ünder
61%
23/24 Sénégal 13 M€ Watford Ismaïla Sarr
61%
17/18 Brésil 10 M€ Wolfsburg Luiz Gustavo
61%
09/10 Argentine 19 M€ FC Porto Lucho González
59%
22/23 France 11 M€ Arsenal Mattéo Guendouzi
59%
23/24 France 10 M€ Nantes Quentin Merlin
59%
23/24 Ukraine 10 M€ Atalanta Bergame Ruslan Malinovskyi
59%
22/23 France 12 M€ AS Rome Jordan Veretout
57%
16/17 France 12 M€ Montpellier Morgan Sanson
57%
08/09 Côte d'Ivoire 9 M€ Nice Bakari Koné
55%
07/08 France 9 M€ Liverpool Djibril Cissé
55%
24/25 Canada 12 M€ Watford Ismaël Koné
55%
25/26 Angleterre 14 M€ Norwich Jonathan Rowe
55%
22/23 Espagne 12 M€ AS Rome Pau López
55%
21/22 Espagne 13 M€ Fiorentina Pol Lirola
53%
18/19 Serbie 12 M€ Etoile Rouge Belgrade Nemanja Radonjic
49%
08/09 France 12 M€ Lyon Hatem Ben Arfa
47%
24/25 Côte d'Ivoire 10 M€ Lorient Bamo Meïté
35%
10/11 France 15 M€ Nice Loïc Rémy
33%
18/19 France 10 M€ Aston Villa Jordan Amavi
24%
01/02 Belgique 11 M€ Standard Liège Daniel Van Buyten
22%
09/10 Cameroun 12 M€ Rennes Stéphane Mbia
20%
04/05 France 10 M€ Lyon Péguy Luyindula
10%
99/00 France 10 M€ Lens Stéphane Dalmat
6%
Aucun quiz correspondant
Distribution des résultats
% des personnes avec chaque résultat
Percentile par nombre de réponses
Votre historique - résultats
Vous n’avez pas pris ce quiz